Thế giới số

Saved in:
Bibliographic Details
Main Author: Hội Tin học Việt Nam
Format: Book
Language:Undetermined
Published: Hà Nội
Subjects:
Online Access:http://lrc.tdmu.edu.vn/opac/search/detail.asp?aID=2&ID=6899
Tags: Add Tag
No Tags, Be the first to tag this record!
Institutions: Trung tâm Học liệu Trường Đại học Thủ Dầu Một
LEADER 00485nam a2200145Ia 4500
001 TDMU_6899
008 210410s9999 xx 000 0 und d
082 |a NULL 
100 |a Hội Tin học Việt Nam 
245 0 |a Thế giới số 
260 |a Hà Nội 
300 |a 80tr 
650 |a Tạp chí Tin học & Đời sống  
856 |u http://lrc.tdmu.edu.vn/opac/search/detail.asp?aID=2&ID=6899 
980 |a Trung tâm Học liệu Trường Đại học Thủ Dầu Một